Umiestnenie prostriedkov technických rezerv v komerčnej poisťovni diplomová práca

Saved in:
Bibliographic Details
Main Author: Ščasná, Anna
Corporate Author: Fakulta hospodárskej informatiky EU. Katedra účtovníctva a audítorstva
Other Authors: Juhászová, Zuzana, 1970-
Format: Book
Language:Slovak
Published: Bratislava 2016
Tags: Add Tag
No Tags, Be the first to tag this record!

MARC

LEADER 00000nbm a2200000 4500
001 0216864
005 20240905105304.1
041 0 |a slo 
044 |a SK 
245 1 0 |a Umiestnenie prostriedkov technických rezerv v komerčnej poisťovni  |b diplomová práca  |c Anna Ščasná ; školiteľ: Zuzana Juhászová 
264 1 |a Bratislava  |c 2016 
300 |a 68 s. 
100 1 |a Ščasná, Anna 
700 1 |a Juhászová, Zuzana, 1970- 
710 2 |a Fakulta hospodárskej informatiky EU. Katedra účtovníctva a audítorstva